000 00367nam a2200133Ia 4500
008 210210b1977 xxu||||| |||| 00| 0 eng d
082 _a581.02 ASSQ
100 _aASSOCIATION OF INDIAN UNIVERSITIES.
245 _aQuestion bank book series: botany.
260 _aND
_bAssociation Indian Universities.,
_c1977
300 _a421
690 _aBotany
906 _aSG00150
999 _c111643
_d111643